Field work in educational settings methods, pitfalls and perspectives

Bibliographic Details
Main Author: Delamont, Sara
Format: Book
Published: London : Rouledge , 2002
Edition:2nd.ed
Subjects:

MARC

LEADER 00000cam a2200000 7i4500
001 0000010570
005 20050428.0
020 |a 0415248361 
040 |a INS 
090 0 0 |a LB1028.   |b D42 2002 
100 1 |a Delamont, Sara 
245 1 0 |a Field work in educational settings methods, pitfalls and perspectives   |c Sara Delamont 
250 |a 2nd.ed 
260 |a London :   |b Rouledge ,   |c 2002 
300 |a vi,249p ;   |c 24cm. 
650 0 0 |a Education research fieldwork 
999 |a 0000009679   |b BOOK   |c Open Shelf   |e Default branch